LEADER 01118nam--2200373---450- 001 990002204020203316 005 20091029091224.0 035 $a000220402 035 $aUSA01000220402 035 $a(ALEPH)000220402USA01 035 $a000220402 100 $a20041123d1968----km-y0itay0103----ba 101 $aeng 102 $aUS 105 $a||||||||001yy 200 1 $aSeizure of Territory$ethe stimson Doctrine and related principles in legal theory and diplomatic practice 210 $aNew York$cGreenwood$d1968 215 $aVIII, 313 p.$d23 cm 410 0$12001 454 1$12001 461 1$1001-------$12001 607 $aGermania 676 $xlegislazione 700 1$aLANGER,$bRobert$0569143 801 0$aIT$bsalbc$gISBD 912 $a990002204020203316 951 $aXXIII.1.E. 69 (IG VIII 14 523)$b8397 G.$cXXIII.1.E. 69 (IG VIII 14 523)$d00251130 959 $aBK 969 $aGIU 979 $aSIAV1$b10$c20041123$lUSA01$h1357 979 $aSIAV1$b10$c20041123$lUSA01$h1402 979 $aRSIAV4$b90$c20091029$lUSA01$h0912 996 $aSeizure of Territory$91032353 997 $aUNISA